000 04225nam a22005415a 4500
005 20081017051548.0
008 081017s2008 ii | 00| 0 eng
010 _aENG-91553
020 _a9780195697025
_c595.00
020 _a0195697022
035 _aEN-75086
035 _aB-360946-956
037 _bDBAD / PUB
037 _bUppal Book Store
040 _adpl
_bEnglish
082 _aS
245 _aFive novellas by women writers :
_cwith an introduction by Uma Chakravarti
_bNabaneeta Dev Sen; Mrinal Pande; Vaidehi; B.M. Zuhara; Saniya /
246 _aSheet sahasik hemantolok/Nabaneeta Dev Sen; Ek stree ka vidageet/Mirnal Pande; Jatre/ Vaidehi; Nilavu/ B.M. Zuhara; Tyanantar/ Saniya
260 _aNew Delhi
_bOxford University Press
_c2008
300 _axxii, 312 p.
_c24cm (Hb)
500 _aFive novels in Bengali, Hindi, Kannada, Malayalam and Marathi in one volume
505 _aDefying winter/ by Nabaneeta Dev Sen; translated by Tutun Mukherjee. A women's farewell song/ by Mirnal Pande. Temple-fair/ by Vaidehi, translated by Nayana Kashyap. Moonlight/ by B.M. Zuhara; translated by Vanajam Ravindram. Thereafter/ by Saniya;
505 _atranslated by Maya Pandit
600 _aDev Sen, Nabaneeta, 1938-
600 _aPande, Mirnal, 1946-
600 _aVaidehi, 1945-
600 _azuhara, B.M., 1952-
600 _aSaniya, 1952-
650 _2Bengali fiction
_xTranslation into English
650 _2Hindi fiction
_xTranslation into English
650 _2Kannada fiction
_xTranslation into English
650 _2Malayalam fiction
_xTranslation into English
650 _2Marathi fiction
_xTranslation into English
942 _2ddc
_cEN
_mFIV
_hS
999 _c18157
_d18157